| 000 | 01183cam a2200289 a 4500 | ||
|---|---|---|---|
| 001 | 452562 | ||
| 005 | 20110902171032.0 | ||
| 008 | 821213s1982 nyu 000 0 eng | ||
| 010 | _a 82182968 | ||
| 020 | _a1853727792 | ||
| 040 |
_aDLC _cDLC _dDLC |
||
| 041 | 0 |
_aeng _aara _hara |
|
| 050 | 0 | 0 | _aBP109 |
| 082 | 0 | 0 |
_a297.1225 HOL _222 |
| 130 | 0 |
_aKoran. _lEnglish & Arabic. _95550 |
|
| 245 | 1 | 4 |
_aThe holy Quran : Arabic text and English translation / _b _ctranslated by Maulawi Sher 'Ali |
| 260 |
_aElmhurst, NY, USA (P.O. Box 1115, Elmhurst 11373) : _bIslamabad, Sheephatch Lane : _c2009 |
||
| 300 |
_a821 p. ; _c23 cm. |
||
| 500 | _aArabic and English. | ||
| 700 | 1 |
_aSarwar, Muhammad, _cShaikh. _95551 |
|
| 740 | 0 | _aQurʾān al-karīm. | |
| 906 |
_a7 _bcbc _corignew _d2 _encip _f19 _gy-gencatlg |
||
| 942 |
_2ddc _cBK |
||
| 999 |
_c4718 _d4718 |
||